| 000 | 00447nam a2200157Ia 4500 | ||
|---|---|---|---|
| 005 | 20250701013826.0 | ||
| 008 | 240331s9999 xx 000 0 und d | ||
| 082 |
_bLAN _a891 |
||
| 100 | _aLanka Nanda, Labugama | ||
| 245 | 0 |
_aMahakavi chuudamanie sri wanabattavirahitha kaadambaree : _blankananda waakya |
|
| 250 | _a2nd | ||
| 260 |
_aMaradana _bAnula Printing House _c1958 |
||
| 300 | _a167 p ., | ||
| 500 | _aLankananda's Commentary | ||
| 942 | _cL | ||
| 999 |
_c4856 _d4856 |
||